=LDR 00000nam 2200000 4500 =001 INLIS000000000005363 =005 20130612093616 =008 ***********************************Ind** =035 ##$$0010-061300000005363 =041 ##$$a Ind =082 ##$$a 326.958 8 =090 ##$$a 326.958 8, Bak g =100 ##$$a BAKTI, Andi Faisal =245 ##$$a Good governan, Conflict resolution in Indonesia, Andi Faisal Bakti. -- =260 ##$$a 2000 $b Jakarta =300 ##$$a xii, 250 hlm, 23 cm =650 ##$$a Indonesia - Politik dan Pemerintahan =850 ##$$a NBPNMAT